Philosophie du langage à l'âge classique (notice n° 2198813)
[ vue normale ]
| 000 -LEADER | |
|---|---|
| fixed length control field | 00698cam a2200133 4500500 |
| 005 - DATE AND TIME OF LATEST TRANSACTION | |
| control field | 20260405085606.0 |
| 041 ## - LANGUAGE CODE | |
| Language code of text/sound track or separate title | fre |
| 042 ## - AUTHENTICATION CODE | |
| Authentication code | dc |
| 100 10 - MAIN ENTRY--PERSONAL NAME | |
| Personal name | Siouffi, Gilles |
| Relator term | author |
| 245 00 - TITLE STATEMENT | |
| Title | Philosophie du langage à l'âge classique |
| 260 ## - PUBLICATION, DISTRIBUTION, ETC. | |
| Name of publisher, distributor, etc. | Armand Colin,<br/> |
| Date of publication, distribution, etc. | 2010.<br/> |
| 520 ## - SUMMARY, ETC. | |
| Summary, etc. | De Bacon à von Humbolt, vingt-deux auteurs accompagnés d’un texte commenté sont présentés par ordre chronologique. Avec pour chacune d’eux un rappel biographique et une synthèse de leur pensée et leurs apports concernant ce domaine d’étude qu’est le langage. |
| 856 41 - ELECTRONIC LOCATION AND ACCESS | |
| Uniform Resource Identifier | <a href="https://shs.cairn.info/philosophie-du-langage-a-lage-classique--9782200249298?lang=fr&redirect-ssocas=7080">https://shs.cairn.info/philosophie-du-langage-a-lage-classique--9782200249298?lang=fr&redirect-ssocas=7080</a> |
Pas d'exemplaire disponible.




Réseaux sociaux